000 00393 a2200157 4500
001 181669
020 _a
040 _cMagnum
100 _aLima, Reginaldo Naves de Souza
240 1 0 _aAtividades matematicas que educam - livro 4
_lpor
245 1 0 _aAtividades matematicas que educam - livro 4
362 0 _a1899
440 1 _aDimensão
697 _aMAGNITO: PARADIDATICO
942 _cBK
999 _c181669
_d181669